Denmark Brand Logos! - Statistics

General Stats
  • This quiz has been taken 112 times
  • The average score is 5 of 11
Answer Stats
Picture Answer % Correct
LEGO
99%
Carlsberg
74%
Magnum
72%
Ecco
65%
Arla
61%
Maersk
47%
Pandora
35%
Jabra
21%
Endomondo
19%
DAT
18%
Bang & Olusfen
12%
No matching quizzes found
Score Distribution
Percent of People with Each Score
Percentile by Number Answered
Your Score History
You have not taken this quiz